000 00400 a2200121 4500
001 ART_11686
005 20260410161859.0
008 260409a
245 1 0 _aSocial security and consumer spending in an international cross section
100 1 _aBarro, Robert J.
700 1 _aMacDonald, Glenn M.
773 0 _tJournal of public economics
_g- Vol. 11, NÂș 3 (jun. 1979)
_wREV11485
999 _c25737
_d25737